The world : (Record no. 9400)

MARC details
000 -LEADER
fixed length control field 00977nam a22002417a 4500
003 - CONTROL NUMBER IDENTIFIER
control field GBCCL
005 - DATE AND TIME OF LATEST TRANSACTION
control field 20241126110711.0
008 - FIXED-LENGTH DATA ELEMENTS--GENERAL INFORMATION
fixed length control field 221123b ||||| |||| 00| 0 eng d
020 ## - INTERNATIONAL STANDARD BOOK NUMBER
International Standard Book Number 9781783599264
020 ## - INTERNATIONAL STANDARD BOOK NUMBER
International Standard Book Number 178359926X
040 ## - CATALOGING SOURCE
Transcribing agency gbc
082 ## - DEWEY DECIMAL CLASSIFICATION NUMBER
Classification number 261.83
Item number STO
100 ## - MAIN ENTRY--PERSONAL NAME
Personal name Stott, John R. W.
9 (RLIN) 325
245 ## - TITLE STATEMENT
Title The world :
Remainder of title a mission to be accomplished /
Statement of responsibility, etc. John R. W. Stott with Tim Chester
260 ## - PUBLICATION, DISTRIBUTION, ETC.
Place of publication, distribution, etc. London :
Name of publisher, distributor, etc. IVP,
Date of publication, distribution, etc. 2019
300 ## - PHYSICAL DESCRIPTION
Extent 109pages
490 ## - SERIES STATEMENT
Series statement The contemporary Christian series
505 ## - FORMATTED CONTENTS NOTE
Formatted contents note Intro; About the authors; Preface; A note to the reader; Series introduction The Contemporary Christian<br/>the then and the now; The World Introduction; 1; The uniqueness of Jesus Christ; 2; Our God is a missionary God; 3; Holistic mission; 4; The Christology of mission; Conclusion The now and the not yet; Notes
650 ## - SUBJECT ADDED ENTRY--TOPICAL TERM
Topical term or geographic name entry element Missions
9 (RLIN) 885
651 ## - SUBJECT ADDED ENTRY--GEOGRAPHIC NAME
Geographic name Mission of the church
9 (RLIN) 16378
651 ## - SUBJECT ADDED ENTRY--GEOGRAPHIC NAME
Geographic name Evangelistic work
9 (RLIN) 16379
942 ## - ADDED ENTRY ELEMENTS (KOHA)
Source of classification or shelving scheme Dewey Decimal Classification
Koha item type Books
Holdings
Withdrawn status Lost status Source of classification or shelving scheme Damaged status Not for loan Home library Current Library Shelving location Date acquired Total checkouts Full call number Barcode Date last seen Copy number Price effective from Koha item type
    Dewey Decimal Classification     GRACE BIBLE COLLEGE GRACE BIBLE COLLEGE Ministry & Mission 2022-11-23   261.83 STO 015783 2025-05-01 c.1 2022-11-23 Books
© Grace Bible College Library 2025